| 000 | 00515nam a2200169Ia 4500 | ||
|---|---|---|---|
| 008 | 230917s9999||||xx |||||||||||||| ||und|| | ||
| 020 | _cRS995 | ||
| 040 |
_e219357 _aMAIN |
||
| 041 | _aEnglish | ||
| 082 | _a352.054 S83D | ||
| 100 | _aSisodia, Yatindra Singh, ed. | ||
| 245 | 0 | _aDemocratic governance and human development: Stocktaking and future strategies | |
| 260 |
_aJaipur _bRawat Publications _c2013 |
||
| 300 | _axxii, 351 p. | ||
| 500 | _a1657 05/11/2014 HBD15/6172 20/12/2014 Main Budget | ||
| 942 | _cBK | ||
| 999 |
_c12348 _d12348 |
||